God and Elizabeth Bishop (Record no. 187599)
[ view plain ]
| 000 -LEADER | |
|---|---|
| fixed length control field | 01612nam a2200373Ia 4500 |
| 082 04 - DEWEY DECIMAL CLASSIFICATION NUMBER | |
| Classification number | 811/.54 |
| 100 1# - MAIN ENTRY--AUTHOR NAME | |
| Personal name | Walker, Cheryl, |
| 245 10 - TITLE STATEMENT | |
| Title | God and Elizabeth Bishop |
| 260 ## - PUBLICATION, DISTRIBUTION, ETC. (IMPRINT) | |
| Place of publication | New York : |
| Name of publisher | Palgrave Macmillan, |
| Year of publication | 2005. |
| 300 ## - PHYSICAL DESCRIPTION | |
| Number of Pages | x, 157 p. |
| 505 0# - FORMATTED CONTENTS NOTE | |
| Formatted contents note | 1. Time and eternity -- 2. The fall -- 3. Love and longing -- 4. Suffering meaning -- 5. Blessed are the poor -- 6. Assent. |
| 650 #0 - SUBJECT ADDED ENTRY--TOPICAL TERM | |
| Topical Term | Christianity and literature |
| Topical Term | Women and literature |
| Topical Term | Religion in literature. |
| Topical Term | God in literature. |
| 856 40 - ELECTRONIC LOCATION AND ACCESS | |
| Uniform Resource Identifier | http://site.ebrary.com/lib/rucke/Doc?id=10135440 |
No items available.
